Central Library OPAC University of Rajshahi

Local government in England and Wales / (Record no. 6187)

MARC details
000 -LEADER
fixed length control field 00794cam a2200265u 4500
001 - CONTROL NUMBER
control field 6187
003 - CONTROL NUMBER IDENTIFIER
rucl marc code BD-RjUL
005 - DATE AND TIME OF LATEST TRANSACTION
control field 20211208234212.0
008 - FIXED-LENGTH DATA ELEMENTS--GENERAL INFORMATION
fixed length control field 140109s1953 enk 000 0 eng d
035 ## - SYSTEM CONTROL NUMBER
System control number (BD-RjUL)6226
040 ## - CATALOGING SOURCE
Original cataloging agency DLC
Transcribing agency CarP
Modifying agency DLC
-- (BD-RjUL)
Language of cataloging eng
041 ## - LANGUAGE CODE
Language code of text/sound track or separate title eng
082 00 - DEWEY DECIMAL CLASSIFICATION NUMBER
Classification number 352.042
Author mark and year MAL
100 1# - MAIN ENTRY--PERSONAL NAME
Personal name Maud, John
Dates associated with a name 1906-
9 (RLIN) 19457
245 10 - TITLE STATEMENT
Title Local government in England and Wales /
Statement of responsibility, etc. Maud, John
250 ## - EDITION STATEMENT
Edition statement 2d ed.
260 ## - PUBLICATION, DISTRIBUTION, ETC. (IMPRINT)
Place of publication, distribution, etc. London,
-- New York,
Name of publisher, distributor, etc. Oxford University Press,
Date of publication, distribution, etc. 1953.
300 ## - PHYSICAL DESCRIPTION
Pagination 230 p. ;
Size 17 cm.
504 ## - BIBLIOGRAPHY, ETC. NOTE
Bibliography, etc Includes Index
650 #0 - SUBJECT ADDED ENTRY--TOPICAL TERM
Topical term or geographic name as entry element Local government
Geographic subdivision Great Britain.
9 (RLIN) 19458
700 1# - ADDED ENTRY--PERSONAL NAME
Personal name Finer, Samuel Edward, [from old catalog]
Relator term joint author.
942 ## - ADDED ENTRY ELEMENTS (KOHA)
Source of classification or shelving scheme Dewey Decimal Classification
Koha item type Books
Holdings
Lost status Source of classification or shelving scheme Damaged status Not for loan Collection code Permanent Location Current Location Shelving location Date acquired Source of acquisition Cost, normal purchase price Total Checkouts Full call number Date last seen Copy number Koha item type
  Dewey Decimal Classification   Not For Loan Non-fiction Central Library, University of Rajshahi Central Library, University of Rajshahi   25/10/1954 O.U.P 3.60   352.042 MAL 1953 09/01/2014 C-1 Books
  Dewey Decimal Classification     Non-fiction Central Library, University of Rajshahi Central Library, University of Rajshahi   25/09/1970 Swet and Zeithinger 12.00   352.042 MAL 1964 11/01/2014 C-2 Books
  Dewey Decimal Classification     Non-fiction Central Library, University of Rajshahi Central Library, University of Rajshahi   25/09/1970 Sweets & Zuitlinger 12.06   352.042 MAL 1964 21/08/2016 C-4 Books